000 00503nam a2200169 i 4500
001 146453
003 ES-MaACL
005 20230906201534.0
007 t|
008 070910s1955 xxu ||||1| eng d
100 1 _aTownes, C. H.
_9111185
245 1 0 _aMicroware spectroscopy /
_cC.H. Townes, A.L. Schawlow.
260 _aNew York :
_bMcGraw-Hill Book Company,
_c1955.
300 _aXVIII, 698 p. :
_bil. ;
_c24 cm.
700 1 _aSchawlow, Arthur L.
_9104252
852 _aES-MaACL
_jC-10958
_bR.39321
999 _c146453
_d146453